The geometrical seaman ; a book of early nautical instruments /

Bibliographic Details
Main Author: Taylor, E. G. R. (Eva Germaine Rimington), 1879-1966
Other Authors: Richey, M. W.
Format: Book
Language:English
Published: [London] : [Published by] Hollis & Carter for the Institute of Navigation, 1962.
Subjects:

MARC

Tag First Indicator Second Indicator Subfields
LEADER 00000cam a2200000 4500
001 in00000367270
005 20151011074750.0
008 750325s1962 enka 00010 eng
010 |a  63002124  
035 |a (OCoLC)01235873 
035 |9 ABP5491AM 
040 |c CSU  |d TXA  |d UtOrBLW 
049 |a TXAM  |c [357858] 
050 0 0 |a VK573  |b .T35 
100 1 |a Taylor, E. G. R.  |q (Eva Germaine Rimington),  |d 1879-1966. 
245 1 4 |a The geometrical seaman ;  |b a book of early nautical instruments /  |c by E. G. R. Taylor and M. W. Richey. 
264 1 |a [London] :  |b [Published by] Hollis & Carter for the Institute of Navigation,  |c 1962. 
300 |a viii, 111 pages :  |b illustrations ;  |c 22 cm. 
336 |a text  |b txt  |2 rdacontent 
337 |a unmediated  |b n  |2 rdamedia 
338 |a volume  |b nc  |2 rdacarrier 
650 0 |a Nautical instruments  |x History. 
700 1 |a Richey, M. W. 
999 |a MARS 
999 f f |s d753ca6f-dd79-3f1f-91ea-160745e78dd1  |i 1b3f9181-4fb4-348a-bc44-7e2100356802  |t 0 
952 f f |p ric  |a Texas A&M University  |b Rellis Campus  |c Joint Library Facility  |s JLF  |d Remote Storage  |t 0  |e VK573 .T35  |h Library of Congress classification  |i unmediated -- volume  |m A14805711344 
998 f f |a VK573 .T35  |t 0  |l Remote Storage